Algae (Record no. 25099)

MARC details
000 -LEADER
fixed length control field 00434nam a2200169Ia 4500
008 - FIXED-LENGTH DATA ELEMENTS--GENERAL INFORMATION
fixed length control field 230917s9999||||xx |||||||||||||| ||und||
020 ## - ISBN
Price RS725
040 ## - CATALOGING SOURCE
-- 244193
Original cataloging agency VIVEKANANDA LIBRARY
041 ## - Language
-- English
082 ## - DDC NUMBER
Classification number 589.3 S23A
100 ## - MAIN ENTRY--PERSONAL NAME
Personal name Sharma, O P
245 #0 - TITLE STATEMENT
Title Algae
260 ## - PUBLICATION, DISTRIBUTION, ETC. (IMPRINT)
Place of publication, distribution, etc Chennai
Name of publisher, distributor, etc McGraw Hill Education (India)
Date of publication, distribution, etc 2017
300 ## - PHYSICAL DESCRIPTION
Pages xv, 389 p.
500 ## - GENERAL NOTE
General note 2984 20/12/2017 RBP18/69095 20/02/2018 Main Budget
942 ## - ADDED ENTRY ELEMENTS (KOHA)
Koha item type Books
Holdings
Withdrawn status Lost status Damaged status Not for loan Location (home branch) Sublocation or collection (holding branch) Date acquired Koha issues (times borrowed) Koha full call number Accession No. Koha date last seen Koha item type
        VIVEKANANDA LIBRARY VIVEKANANDA LIBRARY 27/03/2018 6 589.3 S23A 368841 23/12/2025 Books
© Designed and Maintained by Vivekananda Library, MDU Rohtak